<?xml version="1.0" encoding="UTF-8"?>
<record
    xmlns:xsi="http://www.w3.org/2001/XMLSchema-instance"
    xsi:schemaLocation="http://www.loc.gov/MARC21/slim http://www.loc.gov/standards/marcxml/schema/MARC21slim.xsd"
    xmlns="http://www.loc.gov/MARC21/slim">

  <leader>02890cam a2200385 i 4500</leader>
  <controlfield tag="001">23353189</controlfield>
  <controlfield tag="003">EG-ScBUE</controlfield>
  <controlfield tag="005">20250217103347.0</controlfield>
  <controlfield tag="008">231016t2024    nyua   f b    001 0 eng d</controlfield>
  <datafield tag="020" ind1=" " ind2=" ">
    <subfield code="a">9780071818322</subfield>
  </datafield>
  <datafield tag="020" ind1=" " ind2=" ">
    <subfield code="z">0071818324</subfield>
  </datafield>
  <datafield tag="040" ind1=" " ind2=" ">
    <subfield code="a">DNLM/DLC</subfield>
    <subfield code="b">eng</subfield>
    <subfield code="e">rda</subfield>
    <subfield code="c">DLC</subfield>
    <subfield code="d">DLC</subfield>
    <subfield code="d">EG-ScBUE</subfield>
  </datafield>
  <datafield tag="082" ind1="0" ind2="4">
    <subfield code="a">615.19</subfield>
    <subfield code="2">22</subfield>
    <subfield code="b">PAT</subfield>
  </datafield>
  <datafield tag="100" ind1="1" ind2=" ">
    <subfield code="a">Pather, Indiran,</subfield>
    <subfield code="e">author.</subfield>
  </datafield>
  <datafield tag="245" ind1="1" ind2="0">
    <subfield code="a">Pharmaceutics for the pharmacy students /</subfield>
    <subfield code="c">Indiran Pather, DPharm, Chair and Professor Department of Pharmaceutical Sciences College of Pharmacy Howard University, Washington DC.</subfield>
  </datafield>
  <datafield tag="264" ind1=" " ind2="1">
    <subfield code="a">New York :</subfield>
    <subfield code="b">McGraw Hill,</subfield>
    <subfield code="c">[2024]</subfield>
  </datafield>
  <datafield tag="264" ind1=" " ind2="4">
    <subfield code="c">c2024</subfield>
  </datafield>
  <datafield tag="300" ind1=" " ind2=" ">
    <subfield code="a">ix, 385 pages :</subfield>
    <subfield code="b">color illustrations ;</subfield>
    <subfield code="c">28 cm</subfield>
  </datafield>
  <datafield tag="336" ind1=" " ind2=" ">
    <subfield code="a">text</subfield>
    <subfield code="b">txt</subfield>
    <subfield code="2">rdacontent</subfield>
  </datafield>
  <datafield tag="337" ind1=" " ind2=" ">
    <subfield code="a">unmediated</subfield>
    <subfield code="b">n</subfield>
    <subfield code="2">rdamedia</subfield>
  </datafield>
  <datafield tag="338" ind1=" " ind2=" ">
    <subfield code="a">volume</subfield>
    <subfield code="b">nc</subfield>
    <subfield code="2">rdacarrier</subfield>
  </datafield>
  <datafield tag="504" ind1=" " ind2=" ">
    <subfield code="a">Includes bibliographical references and index.</subfield>
  </datafield>
  <datafield tag="505" ind1="0" ind2=" ">
    <subfield code="a">Dosage forms and routes of drug administration -- Oral route of drug delivery -- Pharmaceutical solutions, dissolution, and diffusion -- Pharmaceutical powders -- Pharmaceutical suspensions -- Emulsions -- Granulation -- Tablets -- Capsules -- Modified-release oral dosage -- Nanotechnology -- Packaging -- Dosage form stability -- Good manufacturing practices -- Introduction to bioavailability -- Introduction to the drug regulatory process -- Buccal and sublingual delivery -- Nasal drug delivery -- Dermal and transdermal drug delivery -- Ophthalmic drug delivery -- Rectal and vaginal drug delivery.</subfield>
  </datafield>
  <datafield tag="520" ind1=" " ind2=" ">
    <subfield code="a">"One aspect of the safe and appropriate utilization of medicines deals with human physiology, pathology, and pharmacology, as the theoretical basis. The other important aspect is a fundamental understanding of what goes into the production of medicines and the patient-centric issues that arise from this process. Pharmacists should understand both aspects to be suitably equipped to advise their patients. In addition, drug delivery concepts should not only be of research importance, since they already affect medicines consumed daily. The pharmacist is handling these products or must offer consultation about them to patients and medical staff, and they are becoming increasingly important. Hence, a fundamental understanding of this topic is also needed. This book is written to encompass these concepts"--</subfield>
    <subfield code="c">Provided by publisher.</subfield>
  </datafield>
  <datafield tag="650" ind1=" " ind2="7">
    <subfield code="a">Dosage Forms.</subfield>
    <subfield code="2">BUEsh</subfield>
  </datafield>
  <datafield tag="650" ind1=" " ind2="7">
    <subfield code="a">Drug Delivery Systems.</subfield>
    <subfield code="2">BUEsh</subfield>
  </datafield>
  <datafield tag="650" ind1=" " ind2="7">
    <subfield code="a">Drug Administration Routes.</subfield>
    <subfield code="2">BUEsh</subfield>
  </datafield>
  <datafield tag="653" ind1=" " ind2=" ">
    <subfield code="c">February2025</subfield>
    <subfield code="b">PPhrm</subfield>
  </datafield>
  <datafield tag="655" ind1=" " ind2=" ">
    <subfield code="v">Reading book</subfield>
  </datafield>
  <datafield tag="776" ind1="0" ind2="8">
    <subfield code="i">Online version:</subfield>
    <subfield code="a">Pather, Indiran.</subfield>
    <subfield code="t">Pharmaceutics for the pharmacy students</subfield>
    <subfield code="d">New York : McGraw Hill, [2024]</subfield>
    <subfield code="z">9780071818360</subfield>
    <subfield code="w">(DLC) 2023048506</subfield>
  </datafield>
  <datafield tag="906" ind1=" " ind2=" ">
    <subfield code="a">7</subfield>
    <subfield code="b">cbc</subfield>
    <subfield code="c">orignew</subfield>
    <subfield code="d">1</subfield>
    <subfield code="e">ecip</subfield>
    <subfield code="f">20</subfield>
    <subfield code="g">y-gencatlg</subfield>
  </datafield>
  <datafield tag="942" ind1=" " ind2=" ">
    <subfield code="2">ddc</subfield>
    <subfield code="c">BB</subfield>
  </datafield>
  <datafield tag="999" ind1=" " ind2=" ">
    <subfield code="c">30900</subfield>
    <subfield code="d">30871</subfield>
  </datafield>
  <datafield tag="952" ind1=" " ind2=" ">
    <subfield code="0">0</subfield>
    <subfield code="1">0</subfield>
    <subfield code="2">ddc</subfield>
    <subfield code="4">0</subfield>
    <subfield code="7">0</subfield>
    <subfield code="8">Baccah</subfield>
    <subfield code="a">MAIN</subfield>
    <subfield code="b">MAIN</subfield>
    <subfield code="c">1ST</subfield>
    <subfield code="d">2025-02-17</subfield>
    <subfield code="e">Purchase</subfield>
    <subfield code="g">2650.00</subfield>
    <subfield code="h">39022</subfield>
    <subfield code="l">1</subfield>
    <subfield code="m">12</subfield>
    <subfield code="o">615.19 PAT</subfield>
    <subfield code="p">000057263</subfield>
    <subfield code="r">2026-02-15 00:00:00</subfield>
    <subfield code="s">2025-12-14</subfield>
    <subfield code="v">3313.00</subfield>
    <subfield code="w">2025-02-17</subfield>
    <subfield code="y">BB</subfield>
  </datafield>
</record>
